|
|
|
|
| LEADER |
00000naa2a2200000 4500 |
| 001 |
250898 |
| 005 |
20231031213331.0 |
| 035 |
|
|
|a (RuTPU)RU\TPU\book\273135
|
| 035 |
|
|
|a RU\TPU\book\273131
|
| 090 |
|
|
|a 250898
|
| 100 |
|
|
|a 20140217d1989 k y0rusy50 ca
|
| 101 |
0 |
|
|a rus
|
| 102 |
|
|
|a RU
|
| 200 |
1 |
|
|a Циклическая вольтамперометрия в тонком слое координационных соединений хрома
|f В. Е. Сараева, В. Н. Полякова
|
| 463 |
|
0 |
|0 (RuTPU)RU\TPU\book\270153
|t Электрохимические методы анализа
|o тезисы III Всесоюзной конференции по электрохимическим методам анализа
|v С. 178
|d 1989
|p 482 с.
|
| 610 |
1 |
|
|a циклическая вольтамперометрия
|
| 610 |
1 |
|
|a тонкие слои
|
| 610 |
1 |
|
|a координационные соединения
|
| 610 |
1 |
|
|a хром
|
| 610 |
1 |
|
|a труды учёных ТПУ
|
| 700 |
|
1 |
|a Сараева
|b В. Е.
|
| 701 |
|
1 |
|a Полякова
|b В. Н.
|
| 801 |
|
1 |
|a RU
|b 63413507
|c 20050721
|g PSBO
|
| 801 |
|
2 |
|a RU
|b 63413507
|c 20140217
|g PSBO
|
| 942 |
|
|
|c BK
|